<?xml version="1.0" encoding="UTF-8"?>
<record
    xmlns:xsi="http://www.w3.org/2001/XMLSchema-instance"
    xsi:schemaLocation="http://www.loc.gov/MARC21/slim http://www.loc.gov/standards/marcxml/schema/MARC21slim.xsd"
    xmlns="http://www.loc.gov/MARC21/slim">

  <leader>00898cam a22003017a 4500</leader>
  <datafield tag="999" ind1=" " ind2=" ">
    <subfield code="c">29345</subfield>
    <subfield code="d">29345</subfield>
  </datafield>
  <controlfield tag="001">12016279</controlfield>
  <controlfield tag="005">20190306020059.0</controlfield>
  <controlfield tag="008">000324s2000    ke            000 0 eng  </controlfield>
  <datafield tag="010" ind1=" " ind2=" ">
    <subfield code="a">   99894151 </subfield>
  </datafield>
  <datafield tag="020" ind1=" " ind2=" ">
    <subfield code="a">9966250263</subfield>
  </datafield>
  <datafield tag="035" ind1=" " ind2=" ">
    <subfield code="a">(DLC)   99894151</subfield>
  </datafield>
  <datafield tag="040" ind1=" " ind2=" ">
    <subfield code="a">DLC</subfield>
    <subfield code="c">DLC</subfield>
    <subfield code="d">DLC</subfield>
  </datafield>
  <datafield tag="042" ind1=" " ind2=" ">
    <subfield code="a">lcode</subfield>
  </datafield>
  <datafield tag="050" ind1="0" ind2="0">
    <subfield code="a">MLCS 2000/01035 (P)</subfield>
  </datafield>
  <datafield tag="100" ind1="1" ind2=" ">
    <subfield code="a">Mangua, Charles.</subfield>
  </datafield>
  <datafield tag="240" ind1="1" ind2="0">
    <subfield code="a">Kanina and I</subfield>
  </datafield>
  <datafield tag="245" ind1="1" ind2="0">
    <subfield code="a">Kenyatta's jiggers /</subfield>
    <subfield code="c">Charles Mangua.</subfield>
  </datafield>
  <datafield tag="260" ind1=" " ind2=" ">
    <subfield code="a">Nairobi :</subfield>
    <subfield code="b">Spear Books,</subfield>
    <subfield code="c">2000.</subfield>
  </datafield>
  <datafield tag="300" ind1=" " ind2=" ">
    <subfield code="a">276 p. ;</subfield>
    <subfield code="c">18 cm.</subfield>
  </datafield>
  <datafield tag="490" ind1="1" ind2=" ">
    <subfield code="a">Spear books</subfield>
  </datafield>
  <datafield tag="500" ind1=" " ind2=" ">
    <subfield code="a">Originally published: Kanina and I. 1994.</subfield>
  </datafield>
  <datafield tag="700" ind1="1" ind2=" ">
    <subfield code="a">Mangua, Charles.</subfield>
    <subfield code="t">Kanina and I.</subfield>
  </datafield>
  <datafield tag="830" ind1=" " ind2="0">
    <subfield code="a">Spear books series</subfield>
  </datafield>
  <datafield tag="906" ind1=" " ind2=" ">
    <subfield code="a">7</subfield>
    <subfield code="b">cbc</subfield>
    <subfield code="c">origode</subfield>
    <subfield code="d">3</subfield>
    <subfield code="e">ncip</subfield>
    <subfield code="f">19</subfield>
    <subfield code="g">y-gencatlg</subfield>
  </datafield>
  <datafield tag="942" ind1=" " ind2=" ">
    <subfield code="2">lcc</subfield>
    <subfield code="c">AFRICANA</subfield>
    <subfield code="0">1</subfield>
  </datafield>
  <datafield tag="952" ind1=" " ind2=" ">
    <subfield code="0">0</subfield>
    <subfield code="1">0</subfield>
    <subfield code="2">lcc</subfield>
    <subfield code="4">0</subfield>
    <subfield code="7">0</subfield>
    <subfield code="a">MUC</subfield>
    <subfield code="b">MUC</subfield>
    <subfield code="c">AFR</subfield>
    <subfield code="d">2017-12-01</subfield>
    <subfield code="e">Purchase (UNES)</subfield>
    <subfield code="l">0</subfield>
    <subfield code="o">PR 9381.9 .M3K4 2000</subfield>
    <subfield code="p">37679</subfield>
    <subfield code="r">2018-01-25</subfield>
    <subfield code="w">2017-12-01</subfield>
    <subfield code="y">AFRICANA</subfield>
  </datafield>
  <datafield tag="952" ind1=" " ind2=" ">
    <subfield code="0">0</subfield>
    <subfield code="1">0</subfield>
    <subfield code="2">lcc</subfield>
    <subfield code="4">0</subfield>
    <subfield code="7">0</subfield>
    <subfield code="a">MUC</subfield>
    <subfield code="b">MUC</subfield>
    <subfield code="c">AFR</subfield>
    <subfield code="d">2017-12-01</subfield>
    <subfield code="e">Purchase (UNES)</subfield>
    <subfield code="l">1</subfield>
    <subfield code="o">PR 9381.9 .M3K4 2000</subfield>
    <subfield code="p">37677</subfield>
    <subfield code="r">2019-03-05</subfield>
    <subfield code="s">2019-03-05</subfield>
    <subfield code="w">2017-12-01</subfield>
    <subfield code="y">AFRICANA</subfield>
  </datafield>
  <datafield tag="952" ind1=" " ind2=" ">
    <subfield code="0">0</subfield>
    <subfield code="1">0</subfield>
    <subfield code="2">lcc</subfield>
    <subfield code="4">0</subfield>
    <subfield code="7">0</subfield>
    <subfield code="a">MUC</subfield>
    <subfield code="b">MUC</subfield>
    <subfield code="c">AFR</subfield>
    <subfield code="d">2017-12-01</subfield>
    <subfield code="e">Purchase (UNES)</subfield>
    <subfield code="l">0</subfield>
    <subfield code="o">PR 9381.9 .M3K4 2000</subfield>
    <subfield code="p">37678</subfield>
    <subfield code="r">2018-01-11</subfield>
    <subfield code="w">2017-12-01</subfield>
    <subfield code="y">AFRICANA</subfield>
  </datafield>
  <datafield tag="952" ind1=" " ind2=" ">
    <subfield code="0">0</subfield>
    <subfield code="1">0</subfield>
    <subfield code="2">lcc</subfield>
    <subfield code="4">0</subfield>
    <subfield code="7">0</subfield>
    <subfield code="a">MUC</subfield>
    <subfield code="b">MUC</subfield>
    <subfield code="c">AFR</subfield>
    <subfield code="d">2017-12-01</subfield>
    <subfield code="e">Purchase (UNES)</subfield>
    <subfield code="l">0</subfield>
    <subfield code="o">PR 9381.9 .M3K4 2000</subfield>
    <subfield code="p">17163</subfield>
    <subfield code="r">2019-05-31</subfield>
    <subfield code="w">2017-12-01</subfield>
    <subfield code="y">AFRICANA</subfield>
  </datafield>
  <datafield tag="952" ind1=" " ind2=" ">
    <subfield code="0">0</subfield>
    <subfield code="1">0</subfield>
    <subfield code="2">lcc</subfield>
    <subfield code="4">0</subfield>
    <subfield code="7">0</subfield>
    <subfield code="a">MUC</subfield>
    <subfield code="b">MUC</subfield>
    <subfield code="c">AFR</subfield>
    <subfield code="d">2018-02-17</subfield>
    <subfield code="e">purchased (corporate campus)</subfield>
    <subfield code="l">0</subfield>
    <subfield code="o">PR 9381.9 M3K4 2000</subfield>
    <subfield code="p">38103</subfield>
    <subfield code="r">2018-02-17</subfield>
    <subfield code="w">2018-02-17</subfield>
    <subfield code="y">AFRICANA</subfield>
  </datafield>
</record>
